| 000 | 00655nam a2200193 a 4500 | ||
|---|---|---|---|
| 001 | 000031128 | ||
| 005 | 20200930062725.0 | ||
| 008 | 110613s2005 dr c 000 | spa d | ||
| 040 |
_aDO-SdBNP _bspa _cBNPHU |
||
| 082 |
_axxx _bA728p |
||
| 100 | 1 |
_aArmenteros Rius, Enrique _955978 |
|
| 245 | 1 | 0 |
_aProposición de un plan para el desarrollo forestal de la nación / _cEnrique Armenteros Rius. |
| 260 |
_aSanto Domingo : _bAmigo del Hogar, _c2005. |
||
| 300 |
_a28 p. : _bretrs. ; _c22 cm. |
||
| 490 | 1 |
_aPROGRESSIO _v5 |
|
| 710 | 2 |
_aFundación para el Mejoramiento Humano ( República Dominicana) _921776 |
|
| 830 | 0 |
_aPROGRESSIO _n5 _957603 |
|
| 049 | _aBNPD | ||
| 999 |
_c30620 _d30620 |
||